Los conquistadores del imperio español

Saved in:
Bibliographic Details
Main Author: Descola, Jean (Author)
Format: Book
Language:Spanish
Published: Barcelona Juventud 1957
Series:Colección Grandes Biografías
Subjects:
Tags: Add Tag
No Tags, Be the first to tag this record!

MARC

LEADER 00000nam a2200000 a 4500
001 UCO2764
003 CL-VaPUC
008 000608e19570000SP |||||||||||||||||spa|d
082 0 4 |a 923.9  |b DES  |2 21 
100 0 |a Descola, Jean  |e author  |9 446369 
245 1 4 |a Los conquistadores del imperio español 
300 |a 408 p 
942 |c BK 
945 |d 20000608 00:00:00  |a rherrera 
260 |a Barcelona  |b Juventud  |c 1957 
600 0 7 |a COLON, CRISTOBAL  |2 CL-VaPUC  |9 265189 
600 0 7 |a CORTES, HERNAN  |2 CL-VaPUC  |9 258554 
600 0 7 |a PIZARRO, FRANCISCO  |2 CL-VaPUC  |9 446370 
650 0 |a Biografías  |9 255210 
650 7 |a CONQUISTADORES  |2 CL-VaPUC  |9 446371 
650 7 |a EXPLORADORES  |2 CL-VaPUC  |9 314661 
651 0 |a España  |9 254926 
651 0 |a América  |9 255182 
583 |a last modification  |c 20000608 00:00:00  |k Rodrigo Vera 
490 0 |a Colección Grandes Biografías 
999 |c 289259  |d 289257 
952 |0 0  |1 0  |4 0  |6 923_900000000000000_DES_1957  |7 0  |8 A  |9 337510  |a BIBHIS  |b BIBHIS  |d 2019-11-20  |i 128696K  |o 923.9 DES 1957  |p 128696K  |r 2025-01-20  |w 2019-11-20  |y BK  |k HIS